External debt statistics 1998-2002

Na minha lista:
Detalhes bibliográficos
Formato: Livro
Idioma:inglês
francês
Publicado em: Paris OECD 2004
Edição:2003 ed.
Colecção:Statistics
Assuntos:
Tags: Adicionar Tag
Sem tags, seja o primeiro a adicionar uma tag!

MARC

LEADER 00000nam a2200000 4500
001 0017770
005 20240104115010.0
020 |a 92-64-10621-9 
041 0 |a eng 
041 0 |a fre 
044 |a FR 
245 1 0 |a External debt statistics 1998-2002 
250 |a 2003 ed. 
264 1 |a Paris  |b OECD  |c 2004 
300 |a 222 s. 
490 1 |a Statistics 
830 0 |a Statistics 
610 2 0 |a zadlženosť zahraničná 
610 2 0 |a dlhy 
610 2 0 |a financie 
610 2 0 |a krajiny rozvojové